| 000 | 00528nam a2200181Ia 4500 | ||
|---|---|---|---|
| 005 | 20250317131533.0 | ||
| 008 | 008 250317s9999 xx 000 0 eng d | ||
| 037 | _aTextbook | ||
| 040 |
_aFMSL _beng _cFMSL |
||
| 041 |
_aeng _2eng |
||
| 084 |
_aX:8D.1 M4 _qFMSL |
||
| 100 | _aRodriguez R M | ||
| 245 | 0 | _aInternational ficial management | |
| 260 |
_aNew Delhi _bNew Delhi, Prentice Hall of India _c1985 |
||
| 300 | _a638p | ||
| 942 |
_cTB _hX:8D.1 M4 |
||
| 999 |
_c1268549 _d1268549 |
||